000 01517nam a2200277 a 4500
001 305510
003 AM-YEHGA
005 20260330144529.0
008 040929s2004 ai ||||gr|||||000|||arm|d
020 _a99941-910-1-2
040 _aAM-YEHGA
041 0 _aarm
245 0 0 _aՀամահայկական խորհրդակցություններ :
_b1912-1920 թթ.: Փաստաթղթերի նյութերի ժող. /
_cԿազմ.՝ Ա. Վիրաբյան, Գ. Ավագյան, Ռ. Գրիգորյան, Ա. Կիրիմյան ; Պատ. խմբ.՝ Ա. Վիրաբյան.
260 _aԵրևան :
_bՀայաստանի ազգային արխիվ,
_c2004.
300 _a788 էջ ;
_c21 սմ.
500 _aՏպագրվել է Վաչագան Պետրոսյանի հովանավոր:
500 _aԳրքի թվային տարբերակը ներբեռնվել է Հայաստանի ազգային արխիվի կայքից:
504 _aՏողատակում՝ մատենագիտական ծանոթագրություններ:
650 1 4 _aՀայոց պատմություն
_d1912-1920
700 1 _aԱվագյան, Գոհար
_eկազմ.
_4com
700 1 _aԳրիգորյան, Ռոժենտ
_eկազմ.
_4com
700 1 _aԿիրիմյան, Ալբերտ
_eկազմ.
_4com
700 1 _aՎիրաբյան, Ամատունի Սասունիկի,
_d1956-
_eկազմ., պատ. խմբ.
_4com
_4edt
_94019
856 4 1 _uhttp://haygirk.nla.am/upload/1941-/hamahaykakan_khorhrdakcutyunner_2004.pdf
_yԿարդալ առցանց
942 _2udc
_cBK
999 _c540978
_d540978